[Event "Moscow Aeroflot op-A 15th"]
[Site "Moscow"]
[Date "2016.03.06"]
[Round "6"]
[White "Kamsky, Gata"]
[Black "Salem, AR Saleh"]
[Result "1-0"]
[WhiteElo "2673"]
[BlackElo "2615"]
[Annotator "Moradiabadi,E"]
[PlyCount "85"]
[EventDate "2016.03.01"]
[EventType "swiss"]
[EventRounds "9"]
[EventCountry "RUS"]
[SourceTitle "CBM 171"]
[Source "ChessBase"]
[SourceDate "2016.03.14"]
[SourceVersion "2"]
[SourceVersionDate "2016.03.14"]
[SourceQuality "1"]

{Round six of the Aeroflot Open saw a nice strategic victory by the
several-times "Candidate", Super-GM Gata Kamsky!} 1. e4 {96} c5 {[%emt 0:00:00]
} 2. Nf3 {[%emt 0:00:04]} d6 {[%emt 0:00:00]} 3. d4 {[%emt 0:00:04]} cxd4 {
[%emt 0:00:00]} 4. Nxd4 {[%emt 0:00:04]} Nf6 {[%emt 0:00:01]} 5. Nc3 {[%emt 0:
00:05]} a6 {[%emt 0:00:05]} 6. a4 {[%emt 0:00:04] No surprise! This rare line
is Gata's "pet" line against Najdorf. One of the famous occasions, in which
Gata employed it is during his "Candidates" match against Topalov in 2011.
Another top-level player, who regularly employs this line is British no.1
Michael Adams. No surprise! This rare line is Gata's "pet" line against
Najdorf. One of the famous occasions, in which Gata employed it is during his
"Candidates" match against Topalov in 2011. Another top-level player, who
regularly employs this line is British no.1 Michael Adams.} Nc6 {[%emt 0:00:52]
} (6... e5 7. Nf3 Be7 8. Bg5 ({The world champion has a different opinion on
this position!} 8. Bc4 O-O 9. O-O Be6 10. Bxe6 fxe6 11. a5 Nc6 12. Be3 Qd7 13.
Re1 Rae8 14. Bb6 Bd8 $13 {1/2-1/2 (48) Carlsen,M (2864) -Gelfand,B (2755)
Moscow 2013}) 8... Be6 9. Bxf6 Bxf6 10. Nd5 Nd7 11. Bc4 Rc8 $11 {1/2-1/2 (37)
Kamsky,G (2732)-Topalov,V (2775) Kazan 2011}) 7. a5 {[%emt 0:00:27] This move
is actually Gata's "Novelty" against Topalov in 2011. This move is actually
Gata's "Novelty" against Topalov in 2011.} Nxa5 {Young talent, Salem, takes
the challenge. Topalov's reaction was less drastic back in 2011.} (7... e6 8.
Nxc6 bxc6 9. Bd3 Be7 10. O-O c5 11. Bf4 Qc7 12. Qe2 Bb7 13. e5 Qc6 14. f3 Nh5
15. Bd2 c4 16. Bxc4 dxe5 17. b3 Rd8 18. Rad1 Qc5+ 19. Kh1 Nf4 $132 {1/2-1/2 
(41) Kamsky,G (2732)-Topalov,V (2775) Kazan 2011}) 8. Nd5 {[%emt 0:00:45] I
hope my memory is not failing me, but I think this move was studied by the
"Chess Evolution" team, extensively back in 2011. I hope my memory is not
failing me, but I think this move was studied by the "Chess Evolution" team,
extensively back in 2011.} e6 9. Nxf6+ {[%emt 0:00:45]} gxf6 {[%emt 0:00:02]}
10. Bd2 {[%emt 0:00:06]} Nc6 {[%emt 0:00:31]} 11. Nxc6 {[%emt 0:00:05]} bxc6 {
[%emt 0:00:01]} 12. Bd3 {[%emt 0:00:06]} h5 $146 (12... d5 13. O-O Bb7 14. Qe2
Bg7 15. exd5 cxd5 16. Ra4 $36 {1-0 (31) Bajarani,U (2471)-Rasulov,V (2512)
Baku 2014} (16. Qg4 $1 $16)) 13. O-O d5 {[#] It is time to turn off engines,
sit back, and evaluate the position. White is a pawn down, and Black has a
great 'pack' of pawns in the center. However, Black king's does not have a
real safe place to go to, and in the long-run Black has a lot of difficulty to
mobilize his pieces. In addition, Black has a number of weaknesses on the
queenside, notably the a-pawn, which would fall once White manages to mobilize
his pieces on the queenside.} 14. Ba5 Qd6 {135} 15. Bc3 {138} Be7 {1005} 16.
Ra4 {536} e5 {437} 17. Qe2 {71} Bg4 {336} 18. f3 {[%emt 0:00:39]} Be6 {125} 19.
Kh1 $1 {[%emt 0:00:55] Computers do not like this move, but I do! This move
parries all the possible tactical tricks and prepares White to set-forth
pressure on the queenside. Computers do not like this move, but I do! This
move parries all the possible tactical tricks and prepares White to set-forth
pressure on the queenside.} h4 {206} 20. h3 {[%emt 0:00:40] Obvious prevention
Obvious prevention} Rg8 21. Rfa1 {92} Qb8 {This move proves how hard this
position is for a human to play. The fall of the a-pawn is now inevitable, and
with it comes the fall of Black's position.} 22. b4 {167} (22. b3 {is equally
good if not better.}) 22... Bd7 {264} 23. Rxa6 {413} Rxa6 {[%emt 0:00:02]} 24.
Rxa6 {[%emt 0:00:08]} Qc8 {[%emt 0:00:53]} 25. Qf1 {[%csl Gf1,Yh3][%cal Gf1h3,
Yd7h3] Gata parries Bxh3.} Bd8 {116} 26. Be1 $1 {[%csl Rh4][%cal Ye1h4] Now,
Black's pawns prove to be ill-structured and Gata makes sure to grab them one
after another!} Rh8 {[%emt 0:00:33]} 27. Bf2 {120} d4 {[%emt 0:00:36] [#] [#]}
28. Kh2 (28. c3 $1 dxc3 29. Qa1 Bxh3 30. Ra8 {was a neater and more classy
continuation. Gata's choice is equally good and in essence. Black is
strategically lost.}) 28... Bc7 {[%emt 0:00:07]} 29. b5 $1 {137} (29. c3 $1
dxc3 30. Qa1 {is another way to win this game!}) 29... cxb5 {[%emt 0:00:55]}
30. Bxb5 {[%emt 0:00:06]} Ke7 {[%emt 0:00:27]} 31. Be1 {[%emt 0:00:09]} Kf8 {
[%emt 0:00:43]} (31... Bd6 32. Ra7 $18 {and Black is busted.} Rd8 33. Ba5) 32.
Bxd7 {147} Qxd7 {[%emt 0:00:01]} 33. Rxf6 {[%emt 0:00:24] It is White who is a
pawn up. The rest is "just a matter of technique", which Gata takes care of
with caution and patience. It is White who is a pawn up. The rest is "just a
matter of technique", which Gata takes care of with caution and patience.} Rh5
{[%emt 0:00:43]} 34. Qa6 {1258} Kg7 {[%emt 0:00:42]} 35. Bd2 {[%emt 0:00:13]}
Bd8 {[%emt 0:00:31]} 36. Rd6 {150} Qc7 {[%emt 0:00:17]} 37. Rc6 {[%emt 0:00:12]
} Qd7 {[%emt 0:00:18]} 38. Rh6 {377} Rg5 {[%emt 0:00:02]} 39. Qd6 {360} Qe8 {
[%emt 0:00:01]} 40. Rxh4 {[%emt 0:00:00]} Rg6 {[%emt 0:00:00]} 41. Rg4 {154}
Rxg4 {278} 42. fxg4 {[%emt 0:00:00]} Kg8 {[%emt 0:00:00]} 43. g5 {[%emt 0:00:
38] Gata's patience and game plan was simple and deep. I believe that Salem's
loss was as a result of dubious opening choice rather a poor play. The
position was already hard to handle right out of the opening. Gata's patience
and game plan was simple and deep. I believe that Salem's loss was as a result
of dubious opening choice rather a poor play. The position was already hard to
handle right out of the opening.} 1-0

[Event "Moscow Aeroflot op-A 15th"]
[Site "Moscow"]
[Date "2016.03.08"]
[Round "8"]
[White "Kamsky, Gata"]
[Black "Goganov, Aleksey"]
[Result "1-0"]
[WhiteElo "2673"]
[BlackElo "2575"]
[PlyCount "59"]
[EventDate "2016.03.01"]
[EventType "swiss"]
[EventRounds "9"]
[EventCountry "RUS"]
[SourceTitle "CBM 171"]
[Source "ChessBase"]
[SourceDate "2016.03.14"]
[SourceVersion "2"]
[SourceVersionDate "2016.03.14"]
[SourceQuality "1"]

1. d4 d5 2. Bf4 Nf6 3. e3 c5 4. Nf3 Nc6 5. Nbd2 e6 6. c3 Bd6 7. Bg3 O-O 8. Bd3
b6 9. Qe2 Bb7 10. Rd1 Re8 11. e4 Be7 12. e5 Nh5 13. a3 c4 14. Bb1 g6 15. Nf1 b5
16. Ne3 a5 17. Ng4 b4 18. Qe3 bxc3 19. bxc3 Rb8 20. Bf4 Bc8 21. Bg5 Rb3 22. h4
Qb6 23. Bc2 Rxa3 24. Bxe7 Nxe7 25. Qh6 Nf5 26. Bxf5 exf5 27. Ng5 Nf6 28. Ne3 f4
29. Nxd5 Qd8 30. O-O 1-0

[Event "Moscow Aeroflot op-A 15th"]
[Site "Moscow"]
[Date "2016.03.09"]
[Round "9"]
[White "Najer, Evgeniy"]
[Black "Kamsky, Gata"]
[Result "1/2-1/2"]
[WhiteElo "2664"]
[BlackElo "2673"]
[PlyCount "62"]
[EventDate "2016.03.01"]
[EventType "swiss"]
[EventRounds "9"]
[EventCountry "RUS"]
[SourceTitle "CBM 171"]
[Source "ChessBase"]
[SourceDate "2016.03.14"]
[SourceVersion "2"]
[SourceVersionDate "2016.03.14"]
[SourceQuality "1"]

1. e4 Nf6 2. e5 Nd5 3. d4 d6 4. Nf3 g6 5. Bc4 c6 6. O-O Bg7 7. exd6 Qxd6 8. h3
O-O 9. Nbd2 a5 10. a4 b6 11. Re1 Ba6 12. Ne4 Qc7 13. Bxa6 Nxa6 14. Bg5 h6 15.
Bh4 Rad8 16. Qe2 Qb7 17. Bg3 Nac7 18. Be5 Ne6 19. Bxg7 Kxg7 20. g3 Nf6 21. c3
c5 22. dxc5 bxc5 23. Rab1 Rd5 24. Ned2 Rf5 25. Qb5 Qa8 26. Re3 Rd8 27. Qe2 Rh5
28. h4 Rf5 29. Re1 Ng4 30. Re4 h5 31. Nc4 Qd5 1/2-1/2

[Event "Karlsruhe Grenke op"]
[Site "Karlsruhe"]
[Date "2016.03.25"]
[Round "3"]
[White "Bellahcene, Bilel"]
[Black "Kamsky, Gata"]
[Result "1-0"]
[WhiteElo "2461"]
[BlackElo "2673"]
[PlyCount "63"]
[EventDate "2016.03.24"]
[EventType "swiss"]
[EventRounds "9"]
[EventCountry "GER"]
[SourceTitle "CBM 171 Extra"]
[Source "ChessBase"]
[SourceDate "2016.04.26"]
[SourceVersion "1"]
[SourceVersionDate "2016.04.26"]
[SourceQuality "1"]

1. d4 f5 2. Qd3 d5 3. g4 g6 4. g5 e6 5. h4 Bg7 6. h5 Nc6 7. Nf3 Qd6 8. a3 Nge7
9. h6 Bf8 10. Rh4 b6 11. Bf4 Qd7 12. b4 a6 13. Nbd2 Bb7 14. Qe3 Rg8 15. Rb1 Nc8
16. c4 dxc4 17. Nxc4 Be7 18. Nce5 Nxe5 19. Nxe5 Qa4 20. Qc1 Bd5 21. Bg2 Bd6 22.
Nd3 Na7 23. Rh3 Rb8 24. Bxd5 exd5 25. Ne5 Bxe5 26. Bxe5 Rb7 27. Rc3 c6 28. f3
Rf8 29. Qf4 b5 30. Bd6 Rff7 31. Rbc1 Kd8 32. Rc5 1-0

[Event "Karlsruhe Grenke op"]
[Site "Karlsruhe"]
[Date "2016.03.28"]
[Round "9"]
[White "Predojevic, Borki"]
[Black "Kamsky, Gata"]
[Result "1/2-1/2"]
[WhiteElo "2647"]
[BlackElo "2673"]
[PlyCount "46"]
[EventDate "2016.03.24"]
[EventType "swiss"]
[EventRounds "9"]
[EventCountry "GER"]
[SourceTitle "CBM 171 Extra"]
[Source "ChessBase"]
[SourceDate "2016.04.26"]
[SourceVersion "1"]
[SourceVersionDate "2016.04.26"]
[SourceQuality "1"]

1. e4 e5 2. Nf3 Nc6 3. Bb5 a6 4. Ba4 Nf6 5. O-O Be7 6. Re1 b5 7. Bb3 d6 8. a4
Bd7 9. c3 O-O 10. d4 h6 11. Nh4 Kh8 12. Nf5 Na5 13. Bc2 Bxf5 14. exf5 exd4 15.
cxd4 d5 16. axb5 axb5 17. Bxh6 gxh6 18. Rxa5 Rxa5 19. Qd2 Re8 20. Qxh6+ Kg8 21.
Qg5+ Kf8 22. Qh6+ Kg8 23. Qg5+ Kf8 1/2-1/2

[Event "USA-ch"]
[Site "Saint Louis"]
[Date "2016.04.16"]
[Round "3"]
[White "Shabalov, Alexander"]
[Black "Kamsky, Gata"]
[Result "1/2-1/2"]
[WhiteElo "2528"]
[BlackElo "2678"]
[PlyCount "66"]
[EventDate "2016.04.14"]
[EventType "tourn"]
[EventRounds "11"]
[EventCountry "USA"]
[EventCategory "17"]
[SourceTitle "CBM 172"]
[Source "ChessBase"]
[SourceDate "2016.05.12"]
[SourceVersion "1"]
[SourceVersionDate "2016.05.12"]
[SourceQuality "1"]

1. Nf3 Nf6 2. g3 g6 3. b3 Bg7 4. Bb2 O-O 5. Bg2 d6 6. d4 c6 7. Nbd2 a5 8. a4 d5
9. O-O Bf5 10. Ne5 Nbd7 11. Nd3 Ne4 12. Nf3 Nd6 13. Rc1 Qb6 14. Nfe5 Rfd8 15.
e3 Nxe5 16. dxe5 Ne8 17. Qe2 Nc7 18. f4 f6 19. exf6 exf6 20. Nf2 Re8 21. Rce1
Re7 22. Qd2 Ne8 23. Bd4 Qc7 24. c4 dxc4 25. bxc4 Be6 26. Rc1 Rd8 27. Qe2 f5 28.
Bxg7 Kxg7 29. Qb2+ Kg8 30. e4 fxe4 31. Nxe4 Bf5 32. Nf2 h5 33. Qc3 Qb6 1/2-1/2

[Event "USA-ch"]
[Site "Saint Louis"]
[Date "2016.04.18"]
[Round "5"]
[White "Xiong, Jeffery"]
[Black "Kamsky, Gata"]
[Result "1-0"]
[WhiteElo "2618"]
[BlackElo "2678"]
[Annotator "Mekhitarian,K"]
[PlyCount "75"]
[EventDate "2016.04.14"]
[EventType "tourn"]
[EventRounds "11"]
[EventCountry "USA"]
[EventCategory "17"]
[SourceTitle "CBM 172"]
[Source "ChessBase"]
[SourceDate "2016.05.12"]
[SourceVersion "1"]
[SourceVersionDate "2016.05.12"]
[SourceQuality "1"]

1. e4 Nf6 2. e5 Nd5 3. d4 d6 4. c4 Nb6 5. exd6 cxd6 6. Nc3 g6 7. Be3 Bg7 8. Rc1
O-O 9. b3 {White's main idea is to stop Black's ideal development of ...Bg4 
(after Nf3), ...Nc6 and ...d5, trying to fix the d4-pawn as a weakness. For
example, if White plays 9.Nf3:} (9. Nf3 {allows Black to get everything he
wants in this line:} Bg4 10. b3 (10. h3 {is not good enough for White either}
Bxf3 11. Qxf3 Nc6 12. Qd1 d5 13. c5 $2 (13. cxd5 Nxd5 $17) 13... e5 $3 $17)
10... Nc6 11. Be2 d5 12. c5 Nc8 {followed by ...e6, ...N8e7, ...Bxf3 and ...
Nf5, and Black is fine.}) 9... Bf5 $5 {Keeping it flexible.} (9... Nc6 10. d5 {
I learned this line in 2001 and had an important win back then:} Ne5 11. Be2 $1
{this is the key, now White wants to play f4 followed by Nf3, causing some
discomfort to Black's pieces} Re8 12. f4 Ned7 13. Nf3 e6 {Black has to do this
to get some air, and now there's a clear weakness on d6, and White has a lot
of room for all his pieces} 14. dxe6 Rxe6 15. Bf2 $16 {1-0 (53) Mekhitarian,K 
(2198)-De Castro,A (2305) Sao Paulo 2001}) (9... e5 $5 10. dxe5 $1 dxe5 11.
Qxd8 Rxd8 12. c5 N6d7 (12... Nd5 $2 13. Rd1 Be6 14. Bc4 $18) 13. Bc4 $36 {
and White tries an immediate initiative with the strong bishop on c4 and
possible invasions with Ne4-Nd6, and the use of the d-file. Nevertheless,
Black has a solid position and could have good prospects with his e+f pawns
advance (normally possible after the exchange of some pieces).}) 10. d5 (10.
Nf3 d5 11. c5 Nc8 12. Be2 Bg4 {Black could lose a tempo to achieve the ideal
piece setup. Naturally, this will be better for White compared to the main
line, but it looks safe for Black} 13. b4 a6 14. O-O Nc6 15. Rb1 e6 16. a4 N8e7
17. b5 axb5 18. axb5 Na5 $5 {threatening ...Nf5 right away, without taking
directly on f3} (18... Bxf3 19. Bxf3 Na5 $13 {followed by ...Nf5 or ...Nc4})
19. Nd2 Bxe2 20. Nxe2 Nf5 $15 {and Black is fine again, could even look at an
advantage because of his more compact pawn structure.}) 10... e5 (10... e6 $1 {
with the same idea, but intending to take on d5. In the game, White wasn't
forced to take on e6.}) 11. dxe6 $6 (11. Nf3 $5 {was probably better. Black
gets a strong pawn on e5, but White could get something going on the queenside
in the middlegame (c5 or b4-c5 for example).}) 11... Bxe6 12. Nge2 (12. Nf3 d5
13. c5 Nc8 {followed by ...Nc6 and ...Qa5} (13... Nc6 $6 14. Bg5 $1 f6 15. Be3
$14) 14. Be2 Nc6 15. Nb5 N8e7 16. O-O Nf5 $132) 12... d5 $1 {Taking advantage
of the better development.} 13. c5 $6 (13. cxd5 {gives Black comfortable
equality:} Nxd5 14. Nxd5 Bxd5 15. Nf4 Bc6 $11) 13... Nc6 $1 14. Nd4 $2 {
Ambitious, but already bad.} (14. cxb6 {was a chance to equalise, White
already is looking at a worse position:} d4 15. Nxd4 Nxd4 16. Nb5 (16. bxa7 $2
Qa5 $1 $17) 16... Nxb5 17. Bxb5 Qxd1+ 18. Rxd1 axb6 19. O-O Rxa2 20. Bc4 {
after massive exchanges, the position should head to a draw} Bxc4 21. bxc4 Rc8
22. g3 $11 {followed by Rd7 or Rd6 or Rb1, etc.}) 14... Bxd4 15. Bxd4 Re8 $6 {
This is a very interesting piece sacrifice, but why not 15...Qh4 right away?
Maybe Kamsky didn't want his opponent to castle, even at a cost of a pawn.} (
15... Qh4 $1 {unblocking d4 by force} 16. cxb6 (16. Ne2 {similar to the game,
this is a much better version for Black, because there is no need to sacrifice
the piece} Nd7 17. Qd2 Rfe8 $17) (16. Nb5 $2 a6 17. cxb6 axb5 $19) 16... Nxd4
17. Be2 axb6 18. O-O Rfd8 $17 {with a healthy pawn up.}) 16. cxb6 Qh4 (16...
Bg4+ $2 {unfortunately doesn't win the queen} 17. Be2 $18) 17. Ne2 axb6 18. Qd2
Bf5 19. Kd1 $2 (19. Rd1 $13 {this is an ugly suggestion, but the game sequence
is simply very bad for White. I don't know how Black increases the pressure,
since all his pieces are on optimal squares, but I also don't know White's
next moves!}) 19... Rxe2 20. Bxe2 Nxd4 $5 (20... Qxd4 $1 {it was a hard
decision to exchange queens, considering White's centrally located king, but
the a2-pawn is a more important matter here:} 21. g4 (21. a4 Qxf2 $17) (21.
Qxd4 Nxd4 22. Bf3 Nxf3 23. gxf3 Rxa2 24. Rc7 Kf8 25. Re1 Rxf2 26. Rxb7 Bc2+ 27.
Kc1 Bxb3 28. Rxb6 Rxf3 $17) 21... Qxd2+ (21... Bd7 $5 {threatening ...Rxa2
right away} 22. Qxd4 Nxd4 $17 {taking on a2 next, with a scary initiative}) 22.
Kxd2 Rxa2+ 23. Ke1 Bc2 24. h4 Bxb3 25. Rh3 Nd4 $36) 21. f3 Qf2 (21... Qf6 22.
Re1 $13) 22. Re1 Be6 23. Rc3 Nc6 24. Bf1 Qh4 (24... Qxd2+ 25. Kxd2 Rxa2+ 26.
Rc2 Ra3 $11 {and Black would only have enough play to equalise the game.}) 25.
Bb5 Nd4 (25... Nb4 26. Rc7 $1 {suddenly Black's king doesn't feel too safe:} (
26. a4 $2 d4 $1 $17) 26... Nxa2 {threatening d4, but White gets the initiative
first} (26... Rxa2 27. Qc3 $132) 27. Rxe6 $1 fxe6 28. Bd7 {Black has many
possible moves here, but there is a pretty variation:} Qf6 29. Bxe6+ Qxe6 (
29... Kh8 30. Rc8+ Rxc8 31. Bxc8 $11) 30. Qd4 Nc3+ 31. Qxc3 d4 32. Qxd4 Ra1+ $1
(32... Qxb3+ $2 33. Ke1 Qb1+ 34. Kf2 Qa1 35. Rc8+ Rxc8 36. Qxa1 $18) 33. Qxa1
Qd6+ 34. Ke2 Qxc7 $11) 26. Bf1 Nf5 {Kamsky is playing for the win; after ...d4,
...Ne3 White will lack space for his pieces.} 27. Rd3 $1 d4 (27... Qxh2 $2 28.
g4 $1 Qxd2+ 29. Rxd2 $16 {and White has good winning chances.}) 28. g3 Qf6 29.
Ke2 {This is a nice way to hide the king on f2. I feel that Black could start
getting worried if he loses the initiative.} Bd7 30. a4 b5 31. a5 Bc6 32. Kf2
Ne3 33. Be2 (33. Rdxe3 dxe3+ 34. Rxe3 $11 {would equalise right away, but I
guess White was looking for more, after he had escaped all the dangers in the
opening and middlegame.}) 33... Rd8 34. Kg1 Kg7 35. Bd1 Bxf3 $4 {A horrible
blunder, most likely in time trouble.} (35... h5 $5 $44 {would keep the game
going. White was able to stabilise, but it's not easy to make progress, since
there are no pawn breaks and Black keeps the initative. Also, right now the
weak pawn on d4 can't be targeted more than twice.}) 36. Bxf3 Qxf3 37. Rexe3 (
37. Rxd4 $18 {also wins on the spot}) 37... dxe3 38. Qb2+ {White wins the rook
and the game.} 1-0

[Event "USA-ch"]
[Site "Saint Louis"]
[Date "2016.04.22"]
[Round "8"]
[White "Akobian, Varuzhan"]
[Black "Kamsky, Gata"]
[Result "1/2-1/2"]
[WhiteElo "2615"]
[BlackElo "2678"]
[Annotator "Szabo,Kr"]
[PlyCount "99"]
[EventDate "2016.04.14"]
[EventType "tourn"]
[EventRounds "11"]
[EventCountry "USA"]
[EventCategory "17"]
[SourceTitle "CBM 172"]
[Source "ChessBase"]
[SourceDate "2016.05.12"]
[SourceVersion "1"]
[SourceVersionDate "2016.05.12"]
[SourceQuality "1"]

1. d4 Nf6 2. c4 g6 3. Nc3 Bg7 4. e4 d6 5. Be2 O-O 6. g4 {This is not a common
line, White would like to attack and gain some space on the kingside. On the
other hand, he has a development disadvantage, moreover his K is in the middle
too.} a6 {A playable plan, Black would like to play for ...b5.} ({Nevertheless
I prefer} 6... c5 7. d5 e6 {to open the centre.} 8. g5 Nfd7 (8... Nh5 $5 9.
Bxh5 gxh5 10. Qxh5 Re8 11. Nge2 exd5 12. Nxd5 Nd7 13. Ng3 Ne5 $13 {
Mamedyarov-Radjabov, Moscow blitz 2010}) ({or even} 8... Ne8 $5 {.}) 9. h4 exd5
10. cxd5 Qe7 11. Qc2 Na6 12. h5 Rb8 13. Nf3 b5 14. Be3 Nb6 $132 {
Kociscak-Gallagher, Zillertal 2015, with a double-edged fight.}) 7. g5 Nfd7 8.
h4 b5 (8... c5 {is another move.}) 9. h5 $146 {A logical and straightforward
novelty by Akobian.} (9. cxb5 axb5 10. Bxb5 c5 11. Be3 Ba6 12. Bxa6 Nxa6 (12...
Rxa6 $5) 13. Nge2 cxd4 14. Nxd4 Ne5 $44 {Georgiou-Arduman, Ankara 1995, with
nice compensation for the P.}) 9... Nc6 (9... c5 $5 10. d5 Ne5 {was also an
interesting alternative.}) 10. Nf3 e5 11. d5 Nd4 12. Be3 b4 13. Na4 f5 $5 {
A very ambitious continuation by Kamsky.} ({The engine suggests} 13... Qe8 $5 {
followed by ...f5.}) 14. hxg6 ({The immediate} 14. Nh4 $5 {was also possible
and similar to the text move.}) 14... hxg6 15. Nh4 ({In the event of} 15. Bxd4
exd4 (15... fxe4 $5) 16. Nxd4 (16. exf5 Qe7 $3 {What a brilliant and cool
reply!} 17. f6 Nxf6 18. gxf6 Qxf6 $17 {and Black simply continues with ...Bd7,
Rae8 and White is in big trouble.}) 16... Qxg5 (16... Ne5 17. f4) 17. Ne6 Qe7
18. Nxf8 Nxf8 $44 {with nice compensation for the exchange.}) 15... f4 16. Bxd4
Qxg5 {A very smart reply! The d4-B is trapped, so Black doesn't have to take
back immediately.} 17. Bc5 $6 {An inaccuracy.} (17. Bg4 $1 {was stronger to
activate the B,} exd4 18. Be6+ Rf7 19. Nf3 Qf6 20. c5 $5 Ne5 21. Nxe5 Qxe5 22.
Bxf7+ Kxf7 23. f3 $14 {and White should be slightly better, but in a practical
game, this is still a major battle.}) 17... Nxc5 18. Nxc5 dxc5 19. Nf3 (19. d6
{could have been met by} Bb7 $132) 19... Qe7 20. Rg1 Rf6 21. Rg5 Rd6 22. Kd2 $5
{A logical move. The centre is closed, so the K is safe on d2 and White wants
to activate his major pieces with Qh1, Rag1.} Bd7 23. Qh1 Kf7 24. Rg2 Rh8 25.
Rh2 Rxh2 26. Qxh2 {Black has a P up, but White has the initiative on the
kingside, moreover the g7-B is passive.} g5 {Black immediately gives back the
g-P, because he frees the 6th rank for his R.} ({Nevertheless Black could try
to hold with} 26... Kg8 27. Rg1 Rb6 {, but he doesn't have any plans, so the
position is balanced.}) 27. Qh5+ {Otherwise ...Rh6.} Kf8 28. Qxg5 (28. Nxg5 $4
{does not work, because of} Rh6 $19 {and White loses his N.}) 28... Qxg5 29.
Nxg5 Rh6 30. Rg1 Bf6 31. Nf3 {After the exchange of Qs, White gets back the P,
but he doesn't have any attack, so the position is completely equal.} c6 32. b3
Ke7 33. Rg8 Rh8 34. Rxh8 Bxh8 35. Nh2 a5 36. Bg4 Be8 37. Be2 Kd6 38. Nf3 Bf6
39. Nh2 Bh4 40. Ke1 Bg6 41. Nf3 Bd8 42. Nd2 Bg5 43. Bf3 Be8 44. Ke2 Bd7 45. Bh5
Bh4 46. Bg6 Bg4+ 47. Ke1 Bd7 48. Kf1 Bh3+ 49. Kg1 Bg4 50. f3 1/2-1/2